Getting justice: the rights of people

Guardado en:  
Detalles Bibliográficos
Autor principal: Gillers, Stephen 1943- (Autor)
Tipo de documento: Print Libro
Lenguaje:Inglés
Publicado: New York [u.a.] Basic Books 1971
En:Año: 1971
Disponibilidad en Tübingen:Disponible en Tübingen.
UB: KB 1 A 709
Verificar disponibilidad: HBZ Gateway
Servicio de pedido Subito: Pedir ahora.

MARC

LEADER 00000cam a22000002c 4500
001 1095296140
003 DE-627
005 20260206192902.0
007 tu
008 910815s1971 xx ||||| 00| ||eng c
020 |a 0465026745  |9 0-465-02674-5 
035 |a (DE-627)1095296140 
035 |a (DE-603)119953692 
035 |a (DE-576)025296140 
035 |a (DE-599)BSZ025296140 
035 |a (OCoLC)00147198 
035 |a (DE-604)8072007761 
040 |a DE-627  |b ger  |c DE-627  |e rakwb 
041 |a eng 
082 0 |a 345/.73/05 
082 0 |a 345.7305  |q LoC  |2 DDCoclc 
084 |a MS 6800  |2 rvk  |0 (DE-625)rvk/123768: 
100 1 |a Gillers, Stephen  |d 1943-  |0 (DE-588)1170720226  |0 (DE-627)1039891012  |0 (DE-576)512619409  |4 aut 
109 |a Gillers, Stephen 1943- 
245 1 0 |a Getting justice  |b the rights of people  |c Stephen Gillers 
264 1 |a New York [u.a.]  |b Basic Books  |c 1971 
300 |a X, 228 S. 
336 |a Text  |b txt  |2 rdacontent 
337 |a ohne Hilfsmittel zu benutzen  |b n  |2 rdamedia 
338 |a Band  |b nc  |2 rdacarrier 
583 1 |a Archivierung prüfen  |c 20200919  |f DE-640  |z 2  |2 pdager 
935 |a MZUSA 
935 |h HEB  |i 0501 
935 |h HEB  |i 0503 
936 r v |a MS 6800  |b Allgemeines, Recht und Gesellschaft  |k Soziologie  |k Spezielle Soziologien  |k Rechtssoziologie  |k Allgemeines, Recht und Gesellschaft  |0 (DE-627)1271441519  |0 (DE-625)rvk/123768:  |0 (DE-576)201441519 
936 s n |a p100  |2 mzub 
951 |a BO 
ELC |b 1 
LOK |0 000 xxxxxcx a22 zn 4500 
LOK |0 001 2170061355 
LOK |0 003 DE-627 
LOK |0 004 1095296140 
LOK |0 005 20010907000000 
LOK |0 008 910815||||||||||||||||ger||||||| 
LOK |0 040   |a DE-21  |c DE-627  |d DE-21 
LOK |0 852   |a DE-21 
LOK |0 852 1  |c KB 1 A 709  |9 00 
LOK |0 935   |a krim 
LOK |0 936ln  |a k2.3 
LOK |0 939   |a 15-08-91  |b l01 
ORI |a SA-MARC-krimdoka001.raw 
SIG |a UB: KB 1 A 709